000
00248nam a22001217a 4500
082
_a
821
_b
CHA/W
100
_a
CHALLENGE,S
245
_a
WEEPING OF A SOUL
260
_a
TRIVANDRUM
_b
PEN BOOKS
300
_a
83
650
_a
POEMS
_z
KERALA
942
_c
BK
999
_c
4006
_d
4006